|
|
|
|
| LEADER |
00000nab a2200000uu 4500 |
| 001 |
vtls011540319 |
| 003 |
SK-MaSNL |
| 005 |
20260304013349.0 |
| 008 |
230218|1993 xo |||||||||||||||||slo| |
| 015 |
|
|
|a SNBRB
|
| 035 |
|
|
|a (urnnbn)urn:nbn:sk:snk:ar-a09r62
|
| 035 |
|
|
|a (uuid)33a488f6-f43a-4139-9608-2404de94da83
|
| 035 |
|
|
|a urn:nbn:sk:snk-abeyl4
|
| 040 |
|
|
|a SNKBUCL
|b slo
|c SNKBUCL
|e AACR2
|
| 041 |
0 |
|
|a slo
|
| 044 |
|
|
|a xo
|c SK
|
| 100 |
1 |
|
|a Chrenek, J.
|4 aut
|9 772893
|
| 245 |
1 |
0 |
|a ANALÝZA OPAKOVATEĽNOSTI UKAZOVATEĽOV MLIEKOVEJ ÚŽITKOVOSTI DOJNÍC ČIERNOSTRAKATÉHO NÍŽINNÉHO PLEMENA A KRÍŽENIEK F11 A F111 GENERÁCIE SO SLOVENSKÝM STRAKATÝM PLEMENOM
|c J. Chrenek, P. Fľak, P. Chrenek
|
| 246 |
3 |
|
|a THE ANALYSIS OF REPEATABILITY OF MILK TRAITS PRODUCTION OF DAIRY COWS OF LOWLAND SPOTTED BREED AND CROSSBRED OF F11 AND F111 GENERATIONS WITH SLOVAK SPOTTED BREED
|
| 700 |
1 |
|
|a Fľak, Pavel
|4 aut
|9 5306
|
| 700 |
1 |
|
|a Chrenek, Peter,
|d 1969-
|4 aut
|9 200419
|
| 773 |
0 |
|
|t Journal of farm animal science : vedecké práce Výskumného ústavu živočíšnej výroby v Nitre
|g Roč. 26, č. 26 (1993), s. 47-55
|
| 954 |
|
|
|a odborná, vedecká literatúra pôvodná (slovenská)
|2 lita
|
| 958 |
|
|
|a OND
|
| 958 |
|
|
|a EUIPO
|
| 958 |
|
|
|a article22
|
| 999 |
|
|
|c 2575495
|d 2577425
|